00573nam a2200145Ia 4500008004100000020002200041041000800063082002700071100002600098245004700124260005100171300000900222999001900231952017700250230411s9999 xx 000 0 und d a978-93-87085-78-7 aeng aCH/610.7343/BED/B08999 aBedi Yash Pal9179974 aHandbook of Preventive and Social Medicine bCBS Publishers & DistributorsaNew Delhic2018 a297p c158365d158365 001040708CHaBTINbBTINd2018-12-19ePatil Medical Book Houseg450.00i7251l0oCH 610.7343 BED B08999pBTIN-BK-8999r2023-04-11 00:00:00v297.00w2018-12-06yBKzB08999